Cuestiones de lealtad. Limites del liberalismo: corrupción, nacionalismo y multiculturalismo

Bewaard in:
Bibliografische gegevens
Hoofdauteur: Calsamiglia, Albert (Auteur)
Formaat: Boek
Taal:Spaans
Gepubliceerd in: Barcelona Paidós 2000
Reeks:Paidós Estado y Sociedad, 80
Onderwerpen:
Tags: Voeg label toe
Geen labels, Wees de eerste die dit record labelt!

MARC

LEADER 00000nam a2200000 a 4500
001 UCI2822
003 CL-VaPUC
008 070928e20000000SP |||||||||||||||||spa|d
020 |a 844930914X 
082 0 4 |a 172  |b CAL  |2 21 
100 0 |a Calsamiglia, Albert  |e author  |9 524001 
245 1 0 |a Cuestiones de lealtad. Limites del liberalismo: corrupción, nacionalismo y multiculturalismo 
300 |a 176 p 
942 |c BK 
945 |d 20070928 00:00:00  |a rbrito 
260 |a Barcelona  |b Paidós  |c 2000 
650 7 |a FILOSOFIA POLITICA  |2 CL-VaPUC  |9 524002 
650 0 |a Ética  |9 255099 
650 0 |a Liberalismo  |9 255715 
650 0 |a Corrupción política  |9 376572 
650 7 |a NACIONALISMO  |2 CL-VaPUC  |9 524003 
583 |a last modification  |c 20121001 01:00:30  |k Rodrigo Vera 
490 0 |a Paidós Estado y Sociedad, 80 
999 |c 327245  |d 327243 
952 |0 0  |1 0  |4 0  |6 172_000000000000000_CAL_2000  |7 0  |8 A  |9 409814  |a BIBEDU  |b BIBEDU  |d 2019-11-22  |i 4372115  |o 172 CAL 2000  |p 4372115  |r 2019-11-22  |w 2019-11-22  |y BK  |k PSI